| 000 | 00450nam a22001337a 4500 | ||
|---|---|---|---|
| 003 | SGT | ||
| 082 |
_a617.643 _bE14C |
||
| 100 | _aPUNEET, CHOUDHARY | ||
| 245 | _aEVALUATION OF MORPHOLOGY OF MAXILLARY AND MANDIBULAR ALVEOLAR BONE AND MANDIBULAR CONDYLE IN VERTICAL AND HORIZONTAL GROWERS A CONE BEAM COMPUTED TOMOGRAPHY STUDY | ||
| 260 |
_aDELHI NCR _bSGT UNIVERSITY GURUGRAM _c2014 |
||
| 300 | _a1-84 | ||
| 650 | _aORTHODONTICS | ||
| 942 |
_2ddc _cTH |
||
| 999 |
_c17437 _d17437 |
||